Anthropologie de la modernité : Entre globalisation et fragmentation (notice n° 2198683)
[ vue normale ]
| 000 -LEADER | |
|---|---|
| fixed length control field | 01498cam a2200133 4500500 |
| 005 - DATE AND TIME OF LATEST TRANSACTION | |
| control field | 20260405085558.0 |
| 041 ## - LANGUAGE CODE | |
| Language code of text/sound track or separate title | fre |
| 042 ## - AUTHENTICATION CODE | |
| Authentication code | dc |
| 100 10 - MAIN ENTRY--PERSONAL NAME | |
| Personal name | Fournier, Laurent Sébastien |
| Relator term | author |
| 245 00 - TITLE STATEMENT | |
| Title | Anthropologie de la modernité : Entre globalisation et fragmentation |
| 260 ## - PUBLICATION, DISTRIBUTION, ETC. | |
| Name of publisher, distributor, etc. | Armand Colin,<br/> |
| Date of publication, distribution, etc. | 2021.<br/> |
| 520 ## - SUMMARY, ETC. | |
| Summary, etc. | Qu’est-ce que l’anthropologie des sociétés modernes ? Peut-on pratiquer l’anthropologie chez soi ? Au premier abord, ces questions peuvent sembler étranges, tant l’anthropologie reste associée aux sociétés traditionnelles et exotiques, à la distance et à l’éloignement. Pourtant, toutes les sociétés humaines peuvent aujourd’hui faire l’objet d’un discours anthropologique. La décolonisation, puis la globalisation, ont contribué à la possibilité d’un tel renouvellement de la discipline, de sorte que l’idée d’une anthropologie « chez soi » est devenue de plus en plus acceptable. Comment, dès lors, tourner vers soi-même le fameux « regard éloigné » de l’anthropologie ? L’ouvrage analyse les notions de temps, d’espace, de culture, de société et de corps, qui sont des thématiques transversales pour témoigner des diverses façons de faire de l’anthropologie de la modernité, tout en prenant en compte les dynamiques contemporaines de la globalisation et de la fragmentation. |
| 856 41 - ELECTRONIC LOCATION AND ACCESS | |
| Uniform Resource Identifier | <a href="https://shs.cairn.info/anthropologie-de-la-modernite--9782200630423?lang=fr&redirect-ssocas=7080">https://shs.cairn.info/anthropologie-de-la-modernite--9782200630423?lang=fr&redirect-ssocas=7080</a> |
Pas d'exemplaire disponible.




Réseaux sociaux